| 000 | 00875nam a22002417a 4500 | ||
|---|---|---|---|
| 005 | 20101213121633.0 | ||
| 008 | 101213t xxu||||| |||| 00| 0 eng d | ||
| 010 | _aENG-101790 | ||
| 020 |
_c795.00 _a9788120342040 |
||
| 035 | _aEN-85323 | ||
| 037 | _bDBAD / PUB | ||
| 040 |
_adpl _bEng |
||
| 082 | _a005.54 | ||
| 100 |
_aDodge, Mark. _924733 |
||
| 245 | 1 |
_aMicrosoft Excel 2010 inside out / _cby mark Dodge [and] Craig Stinson |
|
| 260 |
_aNew Delhi _bPrentice-Hall of India _c2011 |
||
| 270 |
_aM-97, Connaught Circus, _bNew Delhi _e110 001 |
||
| 300 |
_axxviii, 1122p. : _c24cm (pbk) _bill |
||
| 500 | _aIncludes index | ||
| 700 |
_924734 _aStinson, craig |
||
| 942 |
_adpl _cEN _2ddc _h005.54 _mDOD |
||
| 999 |
_c49109 _d49109 |
||